Musée du Louvre (Record no. 177700)

MARC details
000 -LEADER
campo de control de longitud fija 01270namaa2200289 i 4500
001 - NÚMERO DE CONTROL
campo de control 177700
003 - IDENTIFICADOR DE NÚMERO DE CONTROL
campo de control ES-MaACL
005 - FECHA Y HORA DE LA ÚLTIMA TRANSACCIÓN
campo de control 20250726075521.0
008 - DATOS DE LONGITUD FIJA--INFORMACIÓN GENERAL
campo de control de longitud fija 110413m18861889fr | |||| ||fre d
040 ## - FUENTE DE CATALOGACIÓN
Centro catalogador/agencia de origen SpMaBN
Lengua de catalogación spa
Centro/agencia transcriptor SpMaBN
Normas de descripción rdc
080 ## - NÚMERO DE LA CLASIFICACIÓN DECIMAL UNIVERSAL
Número de la Clasificación Decimal Universal 003.322.071
100 1# - ENTRADA PRINCIPAL--NOMBRE DE PERSONA
Nombre de persona Gayet, E.
9 (RLIN) 146162
245 10 - MENCIÓN DEL TÍTULO
Título Musée du Louvre
Resto del título : stèles de la XIIe dynastie /
Mención de responsabilidad, etc. par E. Gayet et [A.J. Gayet].
260 ## - PUBLICACIÓN, DISTRIBUCIÓN, ETC.
Lugar de publicación, distribución, etc. Paris :
Nombre del editor, distribuidor, etc. F. Vieweg :
-- Émile Bouillon,
Fecha de publicación, distribución, etc. 1886-1889.
300 ## - DESCRIPCIÓN FÍSICA
Extensión 2 v. :
Otras características físicas lám. ;
Dimensiones 30 cm.
490 1# - MENCIÓN DE SERIE
Mención de serie Bibliothéque de l'école des hautes études. Sciences philologiques et historiques ;
Designación de volumen o secuencia fasc. 68
505 8# - NOTA DE CONTENIDO CON FORMATO
Nota de contenido con formato 1re livraison par E. Gayet, 1886. (LX p. de lám.). - 2e livraison par A. J. Gayet, 1889 (13, [12] p.)
546 ## - NOTA DE IDIOMA
Nota de lengua/lenguaje Texto en francés y egipcio ;
Información sobre el código o alfabeto Jeroglífico.
594 ## - Nota al título y mención de responsabilidad
Nota al título y mención de responsabilidad Cada parte con portada propia.
650 #4 - PUNTO DE ACCESO ADICIONAL DE MATERIA--TÉRMINO DE MATERIA
Término de materia o nombre geográfico como elemento de entrada Inscripciones egipcias.
9 (RLIN) 146132
700 0# - ENTRADA AGREGADA--NOMBRE PERSONAL
Nombre de persona Gayet, Albert.
9 (RLIN) 56145
710 2# - ENTRADA AGREGADA--NOMBRE DE ENTIDAD CORPORATIVA
Nombre de entidad corporativa o nombre de jurisdicción como elemento de entrada Musée du Louvre.
Unidad subordinada Départament des antiquites égyptiennes.
9 (RLIN) 146163
830 00 - PUNTO DE ACCESO ADICIONAL DE SERIE-TÍTULO UNIFORME
Título uniforme Bibliothèque de l'École des Hautes Études. Sciences historiques et philologiques
Designación de volumen o secuencia fasc. 68
9 (RLIN) 229685
852 ## - LOCALIZACIÓN
Ubicación ES-MaACL
Número de control de estantería C-7577(3-4)
Nota libre Encuadernado con otras obras
Holdings
Estatus retirado Estado de pérdida Estado de daño No para préstamo Colección Biblioteca de origen Biblioteca actual Ubicación en estantería Fecha de adquisición Fuente de adquisición Total de préstamos Signatura topográfica completa Código de barras Visto por última vez Precio de reemplazo Tipo de ítem Koha
        Libros del s. XIX Biblioteca del Ateneo de Madrid Biblioteca del Ateneo de Madrid Sala Palomar 13/04/2011     C-7577(3-4) 1186651 23/02/2023 23/02/2023 Libro impreso antiguo